Arquitectura popular / (Record no. 24423)

MARC details
000 -LEADER
campo de control de longitud fija 00836nam a2200205 i 4500
001 - NÚMERO DE CONTROL
campo de control 24423
003 - IDENTIFICADOR DE NÚMERO DE CONTROL
campo de control ES-MaACL
005 - FECHA Y HORA DE LA ÚLTIMA TRANSACCIÓN
campo de control 20250822063114.0
007 - CAMPO FIJO DE DESCRIPCIÓN FÍSICA--INFORMACIÓN GENERAL
campo de control de longitud fija t|
008 - DATOS DE LONGITUD FIJA--INFORMACIÓN GENERAL
campo de control de longitud fija 021217s1929 sp ||||1| spa d
100 1# - ENTRADA PRINCIPAL--NOMBRE DE PERSONA
Nombre de persona Anasagasti, Teodoro de,
Fechas asociadas al nombre 1880-1938
9 (RLIN) 21375
245 10 - MENCIÓN DEL TÍTULO
Título Arquitectura popular /
Mención de responsabilidad, etc. discurso de Teodoro de Anasagasti y contestación del Excmo. Señor D. Marceliano Santa María el día 24 de marzo de 1929.
260 ## - PUBLICACIÓN, DISTRIBUCIÓN, ETC.
Lugar de publicación, distribución, etc. Madrid :
Nombre del editor, distribuidor, etc. [s.n.,
Fecha de publicación, distribución, etc. 1929] (
Fabricante Tip. de la Rev. de Archivos, Bibliotecas y Museos)
300 ## - DESCRIPCIÓN FÍSICA
Extensión 39 p. ;
Dimensiones 25 cm.
500 ## - NOTA GENERAL
Nota general Precede a tít.: Real Academia de Bellas Artes de San Fernando.
700 1# - ENTRADA AGREGADA--NOMBRE PERSONAL
Nombre de persona Santa María Sedano, Marceliano,
Fechas asociadas al nombre 1866-1952
9 (RLIN) 103245
710 2# - ENTRADA AGREGADA--NOMBRE DE ENTIDAD CORPORATIVA
Nombre de entidad corporativa o nombre de jurisdicción como elemento de entrada Real Academia de Bellas Artes de San Fernando.
9 (RLIN) 6291
852 4# - LOCALIZACIÓN
Ubicación ES-MaACL
Número de control de estantería 1813-F-11
Holdings
Estatus retirado Estado de pérdida Estado de daño No para préstamo Colección Biblioteca de origen Biblioteca actual Ubicación en estantería Fecha de adquisición Fuente de adquisición Total de préstamos Signatura topográfica completa Código de barras Visto por última vez Precio de reemplazo Tipo de ítem Koha
        Colección de folletos Biblioteca del Ateneo de Madrid Biblioteca del Ateneo de Madrid Depósito folletos 17/01/2008     1813-F-11 1025183 23/02/2023 23/02/2023 Folleto